Proyecto : Coordinacion de Servicios Bibliotecarios y Documentales (Registro nro. 121663)
[ vista simple ]
| 001 - NÚMERO DE CONTROL | |
|---|---|
| campo de control | 474171 |
| 005 - FECHA Y HORA DE LA ÚLTIMA TRANSACCIÓN | |
| campo de control | 20240419090351.0 |
| 008 - DATOS DE LONGITUD FIJA--INFORMACIÓN GENERAL | |
| campo de control de longitud fija | 990707e19951001 spa |
| 035 ## - NÚMERO DE CONTROL DEL SISTEMA | |
| Número de control de sistema | 474171 |
| 035 ## - NÚMERO DE CONTROL DEL SISTEMA | |
| Número de control de sistema | (OCoLC)819788879 |
| 040 ## - FUENTE DE LA CATALOGACIÓN | |
| Centro/agencia transcriptor | comduadb |
| 041 ## - CÓDIGO DE LENGUA | |
| Código de lengua del texto/banda sonora o título independiente | spa |
| 245 10 - MENCIÓN DE TÍTULO | |
| Título | Proyecto : Coordinacion de Servicios Bibliotecarios y Documentales |
| 650 ## - PUNTO DE ACCESO ADICIONAL DE MATERIA--TÉRMINO DE MATERIA | |
| Término de materia o nombre geográfico como elemento de entrada | Facultad de Ciencias Políticas y Sociales |
| 9 (RLIN) | 26980 |
| 650 ## - PUNTO DE ACCESO ADICIONAL DE MATERIA--TÉRMINO DE MATERIA | |
| Término de materia o nombre geográfico como elemento de entrada | UNAM (Universidad Nacional Autónoma de México) |
| 9 (RLIN) | 21516 |
| 650 #7 - PUNTO DE ACCESO ADICIONAL DE MATERIA--TÉRMINO DE MATERIA | |
| Término de materia o nombre geográfico como elemento de entrada | Servicios de información |
| Fuente del encabezamiento o término | armarc |
| 9 (RLIN) | 49675 |
| 773 0# - ENLACE AL DOCUMENTO FUENTE/ENTRADA DE REGISTRO ANFITRIÓN | |
| Título | Revista Mexicana de Ciencias Políticas y Sociales (México) |
| Parte(s) relacionada(s) | Vol. 40, No. 162, Oct.-Dic. 1995, p. 215-247 |
| Número de control del registro | 197200 |
| Número Internacional Normalizado para Publicaciones Seriadas | 0185-1918 |
| Número bibliográfico anfitrión | 86550 |
| 942 ## - ELEMENTOS DE ENTRADA AGREGADA (KOHA) | |
| Tipo de ítem Koha | Artículo de Revista |
No hay ítems disponibles.